Product Design And Development (Record no. 226615)

MARC details
000 -LEADER
fixed length control field 00505nam a2200181Ia 4500
008 - FIXED-LENGTH DATA ELEMENTS--GENERAL INFORMATION
fixed length control field 230714s9999 xx 000 0 und d
020 ## - INTERNATIONAL STANDARD BOOK NUMBER
International Standard Book Number 9790000000000
041 ## - LANGUAGE CODE
Language code of text/sound track or separate title eng
082 ## - DEWEY DECIMAL CLASSIFICATION NUMBER
Classification number 658.5'75
Item number ULR
100 ## - MAIN ENTRY--PERSONAL NAME
Personal name Ulrich K.T.
9 (RLIN) 201975
245 ## - TITLE STATEMENT
Title Product Design And Development
250 ## - EDITION STATEMENT
Edition statement 4th ed.
260 ## - PUBLICATION, DISTRIBUTION, ETC. (IMPRINT)
Date of publication, distribution, etc. 2011
Name of publisher, distributor, etc. Mc Graw Hill
300 ## - PHYSICAL DESCRIPTION
Extent 353
365 ## - TRADE PRICE
Currency code Rs.
Price amount 1699.00
700 ## - ADDED ENTRY--PERSONAL NAME
Personal name Ulrich K.T.; Eppinger S.D. & Goyal A.
9 (RLIN) 201976
906 ## - LOCAL DATA ELEMENT F, LDF (RLIN)
d O:0695404-Feb-2020B:574030-Jan-2020
c TM
b 1113

No items available.